000 00867nam a2200277 a 4500
001 68850
003 BD-RjUL
005 20211209081821.0
008 170406s1983 cau 001 0 eng
020 _a0534014232
035 _a(BD-RjUL)69061
040 _aDLC
_cDLC
_dBD-RjUL
_beng
041 _aeng
082 0 0 _a004.16
_223
_bWOB 1983
100 1 _aWolach, Allen H.
_9204024
245 1 0 _aBasic analysis of variance programs for microcomputers /
_cAllen H. Wolach.
260 _aMonterey, California :
_bBrooks/Cole Pub. Co.,
_cc1983.
300 _a162 p. ;
_c24 cm.
500 _aIncludes index.
504 _aBibliography: p. 159.
650 0 _aMicrocomputers
_xComputer programs.
_9204025
650 0 _aAnalysis of variance
_xProgramming.
_9204026
650 0 _aBASIC (Computer program language)
_9204027
942 _2ddc
_cBK
999 _c68850
_d68850